| 000 | 00000nam##2200000za#4500 |
| 001 | 9.603435 |
| 003 | CaOODSP |
| 005 | 20210624211055 |
| 007 | cr ||||||||||| |
| 008 | 150406|2005||||xxc|||||o f|0| 0 fre|d |
| 040 | |aCaOODSP|bfre |
| 043 | |an-cn--- |
| 086 | 1 |aBT31-4/31-2005F-PDF |
| 110 | 1 |aCanada. |bConseil du trésor. |
| 245 | 10|aOffice des transports du Canada - rapport sur le rendement pour la période ayant pris fin le 31 mars 2005 |h[ressource électronique] |
| 260 | |aOttawa - Ontario : |bSecrétariat du Conseil du Trésor du Canada |c[2005]. |
| 300 | |a60p.|btableaux |
| 490 | 1 |aRapport sur le rendement pour la période se terminant le 31 mars 2005 |
| 590 | |a12-06-Supp|b2012-03-07 |
| 775 | 08|tCanadian Transportation Agency, performance report for the period ending March 31, 2005 |w(CaOODSP)9.573225 |
| 776 | 0#|tCanadian Transportation Agency |w(CaOODSP)9.541902 |
| 776 | 0#|tOffice des transports du Canada |w(CaOODSP)9.541903 |
| 830 | #0|aRapport sur le rendement pour la période se terminant le 31 mars 2005.|w(CaOODSP)9.502661 |
| 856 | 40|ahttp://publications.gc.ca|qPDF|s791 Ko|uhttps://publications.gc.ca/collections/collection_2012/sct-tbs/BT31-4-31-2005-fra.pdf |